00329nam a2200121Ia 4500008004100000041001200041082001100053100000600064245007100070260003700141300000800178650002100186221030s9999 xx 000 0 und d aEnglish a105.23 a- 0aClearCase User`s Manual Release 3.0 & Later ( DEPARTMENTAL )cby - bAtria SoftwareaCaliforniac1996 a426 aCSE Departmental